An introduction to exceptional children / (Record no. 13336)

MARC details
000 -LEADER
fixed length control field 00960cam a2200301 a 4500
001 - CONTROL NUMBER
control field 13336
005 - DATE AND TIME OF LATEST TRANSACTION
control field 20250911111153.0
008 - FIXED-LENGTH DATA ELEMENTS--GENERAL INFORMATION
fixed length control field 820423s1982 iaua b 001 0 eng
010 ## - LIBRARY OF CONGRESS CONTROL NUMBER
LC control number 81067694
020 ## - INTERNATIONAL STANDARD BOOK NUMBER
International Standard Book Number 0697060616
020 ## - INTERNATIONAL STANDARD BOOK NUMBER
International Standard Book Number 9780697060617
035 ## - SYSTEM CONTROL NUMBER
System control number 1372453
040 ## - CATALOGING SOURCE
Original cataloging agency DLC
Transcribing agency DLC
Modifying agency DLC
-- BSULIB
050 00 - LIBRARY OF CONGRESS CALL NUMBER
Classification number LC3965
Item number .V37 1982
082 00 - DEWEY DECIMAL CLASSIFICATION NUMBER
Classification number 371.9
Edition number 19
Item number OSD
100 1# - MAIN ENTRY--PERSONAL NAME
Personal name Van Osdol, William R.
9 (RLIN) 25902
245 13 - TITLE STATEMENT
Title An introduction to exceptional children /
Statement of responsibility, etc William R. Van Osdol, Don G. Shane.
250 ## - EDITION STATEMENT
Edition statement 3rd ed.
260 ## - PUBLICATION, DISTRIBUTION, ETC. (IMPRINT)
Place of publication, distribution, etc Dubuque, Iowa :
Name of publisher, distributor, etc W.C. Brown Co.,
Date of publication, distribution, etc c1982.
300 ## - PHYSICAL DESCRIPTION
Extent xiii, 461 p. :
Other physical details ill. ;
Dimensions 23 cm.
504 ## - BIBLIOGRAPHY, ETC. NOTE
Bibliography, etc Includes bibliographies and indexes.
650 #0 - SUBJECT ADDED ENTRY--TOPICAL TERM
Topical term or geographic name as entry element Special education.
9 (RLIN) 25903
700 1# - ADDED ENTRY--PERSONAL NAME
Personal name Shane, Don G.
9 (RLIN) 25904
740 0# - ADDED ENTRY--UNCONTROLLED RELATED/ANALYTICAL TITLE
Uncontrolled related/analytical title Exceptional children.
906 ## - LOCAL DATA ELEMENT F, LDF (RLIN)
a 7
b cbc
c orignew
d 2
e opcn
f 19
g y-gencatlg
942 ## - ADDED ENTRY ELEMENTS (KOHA)
Source of classification or shelving scheme Dewey Decimal Classification
Item type Books
Holdings
Withdrawn status Lost status Source of classification or shelving scheme Damaged status Not for loan Home library Current library Shelving location Date acquired Inventory number Total Checkouts Full call number Barcode Date last seen Copy number Price effective from Koha item type Public note
    Dewey Decimal Classification     Main Library Main Library Reserve Book Section 11/09/2025 10640   371.9 OSD bsu25090297 11/09/2025 001 11/09/2025 Books Material available in hard copy

© 2017 Bishop Stuart University Library. All Rights Reserved.
Kakoba Campus, Plot 150 Buremba Road | P.O. Box 9, Mbarara, UGANDA | Tel: +256-772-463068
Email: library@bsu.ac.ug